| 000 -LEADER |
| fixed length control field |
00536nam a22001577a 4500 |
| 005 - DATE AND TIME OF LATEST TRANSACTION |
| control field |
20260206171345.0 |
| 008 - FIXED-LENGTH DATA ELEMENTS--GENERAL INFORMATION |
| fixed length control field |
260206s2022 gw ||||| |||| 00| 0 goh d |
| 041 ## - LANGUAGE CODE |
| Language code of text/sound track or separate title |
9786204997797 |
| 080 ## - UNIVERSAL DECIMAL CLASSIFICATION NUMBER |
| Universal Decimal Classification number |
811.11'36 S-16 |
| 100 ## - MAIN ENTRY--PERSONAL NAME |
| Personal name |
Saidov, Khayrulla |
| 9 (RLIN) |
26819 |
| 245 ## - TITLE STATEMENT |
| Title |
EINFÜHRUNG IN DIE GERMANISCHE PHILOLOGIE / |
| Statement of responsibility, etc. |
Khayrulla Saidov. |
| 264 ## - PRODUCTION, PUBLICATION, DISTRIBUTION, MANUFACTURE, AND COPYRIGHT NOTICE |
| Place of production, publication, distribution, manufacture |
Chisinau : |
| Name of producer, publisher, distributor, manufacturer |
Verlag, |
| Date of production, publication, distribution, manufacture, or copyright notice |
2022. |
| 300 ## - PHYSICAL DESCRIPTION |
| Extent |
136 p. |
| Other physical details |
22 cm. |
| 653 ## - INDEX TERM--UNCONTROLLED |
| keyword |
შესავალი გერმანიკულ ფილოლოგიაში |
| 942 ## - ADDED ENTRY ELEMENTS (KOHA) |
| Source of classification or shelving scheme |
|
| Koha item type |
წიგნი |